000 00616nam a22002057a 4500
003 BD-DhJNU
005 20250915052528.0
008 250915b |||||||| |||| 00| 0 eng d
020 _a9788120329287
040 _aBD-DhJNU
_bENG
_cBD-DhJNU
_dBD-DhJNU
082 _223
_a003 PAO
100 _aPanneerselvam, R.
245 _aOperations research /
_cR. Panneerselvam
250 _a2nd ed.
260 _aNew Delhi :
_bPrentice-Hall,
_c2015.
300 _axii, 608p. :
_bill. ;
_c24 cm.
504 _aIncludes bibliographical references and index
650 _aOperations research
_vTextbooks
942 _2ddc
_cBK
_n0
999 _c2111
_d2111